Les tribunaux d'exception : (Record no. 71547)
[ view plain ]
| 000 -LEADER | |
|---|---|
| fixed length control field | 01049nam a2200313 i 4500 |
| 003 - CONTROL NUMBER IDENTIFIER | |
| control field | EG-GICUC |
| 005 - DATE AND TIME OF LATEST TRANSACTION | |
| control field | 20260417170144.0 |
| 008 - FIXED-LENGTH DATA ELEMENTS--GENERAL INFORMATION | |
| fixed length control field | 260417t19631962fr ||||fr|||| 00| 0 fre d |
| 040 ## - CATALOGING SOURCE | |
| Original cataloging agency | EG-GiCUC |
| Language of cataloging | fre |
| Transcribing agency | EG-GiCUC |
| Modifying agency | EG-GiCUC |
| Description conventions | Rda |
| 041 ## - LANGUAGE CODE | |
| Language code of text/sound track or separate title | fre |
| Language code of original | fre |
| 082 04 - DEWEY DECIMAL CLASSIFICATION NUMBER | |
| Edition number | 21 |
| Classification number | 343.3756 |
| Item number | JA . T |
| 092 04 - LOCALLY ASSIGNED DEWEY CALL NUMBER (OCLC) | |
| Edition number | 21 |
| 099 ## - LOCAL FREE-TEXT CALL NUMBER (OCLC) | |
| Classification number | Law1 10 343.3756 JA . T 1963 |
| 100 1# - MAIN ENTRY--PERSONAL NAME | |
| Personal name | Jaffré, Yves Frédéric |
| Relator term | Auteur |
| 245 14 - TITLE STATEMENT | |
| Title | Les tribunaux d'exception : |
| Remainder of title | 1940-1962 / |
| Statement of responsibility, etc. | Par Yves Frédéric Jaffré. |
| 264 #1 - PRODUCTION, PUBLICATION, DISTRIBUTION, MANUFACTURE, AND COPYRIGHT NOTICE | |
| Place of production, publication, distribution, manufacture | Paris : |
| Name of producer, publisher, distributor, manufacturer | Nouvelles Éditions latines, |
| Date of production, publication, distribution, manufacture, or copyright notice | 1963. |
| -- | 1962. |
| 300 ## - PHYSICAL DESCRIPTION | |
| Extent | 365 pages ; |
| Dimensions | 23 cm. |
| 336 ## - CONTENT TYPE | |
| Source | rda contenu |
| Content type term | texte |
| 337 ## - MEDIA TYPE | |
| Source | rda medias |
| Media type term | Ordinateur |
| 338 ## - CARRIER TYPE | |
| Source | transporteur rda |
| Carrier type term | Ressource en ligne |
| 504 ## - BIBLIOGRAPHY, ETC. NOTE | |
| Bibliography, etc. note | Comprend des références bibliographiques et un index. |
| 546 ## - LANGUAGE NOTE | |
| Language note | Texte en français |
| 650 1# - SUBJECT ADDED ENTRY--TOPICAL TERM | |
| Topical term or geographic name entry element | Droit pénal |
| 650 1# - SUBJECT ADDED ENTRY--TOPICAL TERM | |
| Topical term or geographic name entry element | Droit de procédure pénale |
| 650 1# - SUBJECT ADDED ENTRY--TOPICAL TERM | |
| Topical term or geographic name entry element | tribunaux spécifiques |
| 856 40 - ELECTRONIC LOCATION AND ACCESS | |
| Uniform Resource Identifier | <a href="https://fll.law.cu.edu.eg/fulltext/bks/B10-09063.pdf">https://fll.law.cu.edu.eg/fulltext/bks/B10-09063.pdf</a> |
| 905 ## - Cataloger and Reviser Names | |
| Cataloger Name: | Gomana |
| 942 ## - ADDED ENTRY ELEMENTS (KOHA) | |
| Source of classification or shelving scheme | Dewey Decimal Classification |
| Suppress in OPAC | No |
| Koha item type | Books |
| Edition | 21 |
| Withdrawn status | Lost status | Source of classification or shelving scheme | Damaged status | Not for loan | Collection | Home library | Current library | Date acquired | Total checkouts | Full call number | Barcode | Date last seen | Copy number | Price effective from | Koha item type |
|---|---|---|---|---|---|---|---|---|---|---|---|---|---|---|---|
| Dewey Decimal Classification | Not for loan | القانون الجنائي | جــــامعة القــاهرة | مكتبة كلية الحقوق - المبنى الرئيسي | 17.04.2026 | Law1 10 343.3756 JA . T 1963 1009063 C1 | B10-09063 | 17.04.2026 | 1 | 17.04.2026 | Books |